00605nam a2200181 a 450000100100000000500170001000800410002704000250006808200150009310000210010824501130012926000390024230000280028150000330030950400320034270000250037470000240039900002535920200930023731.0110215s1990 dr a r 000 0 spa d aDO-SdBNPbspacBNPHU axxxxbJ61m1 aJiménez, Elida10aManual del bibliotecario escolar /cElida Jiménez ; colaboradores Ana Marina Méndez, Eva Florinda Rojas. aSanto Domingo :fIsmaelitosc1990. a157 p. :bil. ;c22 cm. aIncluye índice de materias aBibliografía : p. 156-1571 aMéndez, Ana Marina1 aRojas, Eva Florinda